Merchants of Debt & Other Essays/ (Record no. 190855)

MARC details
000 -LEADER
fixed length control field 00562nam a22001817a 4500
005 - DATE AND TIME OF LATEST TRANSACTION
control field 20220808104205.0
010 ## - LCCN (DPL NO)
LC control number ENG-134342
020 ## - INTERNATIONAL STANDARD BOOK NUMBER
International Standard Book Number 9789390961825
Terms of availability 595.00
035 ## - SYSTEM CONTROL NUMBER
System control number EN-117874
037 ## - SOURCE OF ACQUISITION
Source of stock number/acquisition DBAD/PUB
082 ## - DEWEY DECIMAL CLASSIFICATION NUMBER
Classification number 339.53
100 ## - MAIN ENTRY--PERSONAL NAME
Personal name Goradia, Prafull
245 ## - TITLE STATEMENT
Title Merchants of Debt & Other Essays/
Statement of responsibility, etc Prafull Goradia
260 ## - PUBLICATION, DISTRIBUTION, ETC. (IMPRINT)
Place of publication, distribution, etc New Delhi
Name of publisher, distributor, etc Wit Books Nad Services Pvt Ltd
Date of publication, distribution, etc 2022
270 ## - ADDRESS
Address 2/15, Ansari Road, Daryaganj
City New Delhi
Postal code 110002
Electronic mail address info@withbooks.in
300 ## - PHYSICAL DESCRIPTION
Extent 278p.
Dimensions 23cm(hb)
942 ## - ADDED ENTRY ELEMENTS (KOHA)
Source of classification or shelving scheme Dewey Decimal Classification
Item type English Books
Classification part 339.53
Call number suffix GOR
Holdings
Withdrawn status Lost status Not for loan Collection code Home library Current library Date acquired Source of acquisition Cost, normal purchase price Full call number Barcode Copy number Cost, replacement price Koha item type
      Non-fiction Bawana Bawana 08/08/2022 DBAD/PUB 595.00 339.53 GOR EN-117874 1 595.00 English Books

© Delhi Public Library
Hit Counter
free hit counter